Cours d'analyse : de l'École Polytechnique. Tome 3me, Équations différentielles /

Guardado en:
Autor Principal: Jordan, Camille, 1838-1922.
Formato: Libro
Idioma:French
Publicado: Paris : Gauthier-Villars, 1959.
Edición:3e éd.
Etiquetas: Agregar Etiqueta
Sin Etiquetas, Sea el primero en etiquetar este registro!
LEADER 00632nam a22001695a 4500
001 MAT.inmabb000911
008 031119r19591915fr############000#0#fre#d
005 20170807121153.0
245 1 0 |a Cours d'analyse :  |b de l'École Polytechnique.  |n Tome 3me,  |p Équations différentielles /  |c par C. Jordan. 
250 |a 3e éd. 
260 |a Paris :  |b Gauthier-Villars,  |c 1959. 
300 |a 630 p. ;  |c 21 cm. 
500 |a Reimpresión de la 3a. edición (1915) 
510 4 |a MR,  |c MR1188188  |3 Reprint of the third (1915) edition 
100 1 |a Jordan, Camille,  |d 1838-1922. 
084 |a 01A75 (00A05)  |2 MR 
859 |h 01A75  |i J82-3  |p A-747  |v 3  |3 Tomo III  |b BIB. MATEMATICA